[Event "Ratinger SK 1 - Kölner SK Dr. Lasker 2"]
[Site "NRW-Klasse - Gruppe 3 2019/20"]
[Date "2019.09.08"]
[Round "1.8"]
[White "Katz, Rafael"]
[Black "Lommen, Frank"]
[Result "1/2-1/2"]
[WhiteElo "1971"]
[BlackElo "1940"]
[PlyCount "32"]
[EventDate "2019.??.??"]
[SourceVersionDate "2020.03.16"]
[WhiteTeam "Ratinger SK 1"]
[BlackTeam "Kölner SK Dr. Lasker 2"]

1. d4 d6 2. Nf3 Nf6 3. Bf4 Nbd7 4. e3 g6 5. h3 Bg7 6. Bc4 O-O 7. O-O b6 8. Nbd2
Bb7 9. c3 e6 10. a4 a6 11. Qe2 Qe7 12. Bh2 e5 13. dxe5 dxe5 14. e4 Ne8 15. Bd5
c6 16. Bc4 b5 1/2-1/2

[Event "SV Mülheim-Nord 3 - Kölner SK Dr. Las"]
[Site "NRW-Klasse - Gruppe 3 2019/20"]
[Date "2019.10.06"]
[Round "2.1"]
[White "di Franco, Patrizio"]
[Black "Walter, Andreas"]
[Result "1/2-1/2"]
[WhiteElo "2037"]
[BlackElo "2160"]
[PlyCount "45"]
[EventDate "2019.??.??"]
[SourceVersionDate "2020.03.16"]
[WhiteTeam "Kölner SK Dr. Lasker 2"]
[BlackTeam "SV Mülheim-Nord 3"]

1. d4 d5 2. c4 c6 3. Nf3 Nf6 4. g3 Bg4 5. Bg2 e6 6. h3 Bf5 7. Nc3 Nbd7 8. Qb3
Qb6 9. c5 Qc7 10. Bf4 Qc8 11. g4 Bg6 12. Rc1 Be7 13. O-O Ne4 14. Nd2 Nxd2 15.
Bxd2 O-O 16. f4 Nf6 17. Be1 Qd7 18. Qd1 b6 19. b4 bxc5 20. bxc5 Rab8 21. e3 Rb2
22. Bg3 Bd8 23. Qa4 1/2-1/2

[Event "SV Mülheim-Nord 3 - Kölner SK Dr. Las"]
[Site "NRW-Klasse - Gruppe 3 2019/20"]
[Date "2019.10.06"]
[Round "2.2"]
[White "Limbourg, Philipp"]
[Black "Mandt, Mathias"]
[Result "1/2-1/2"]
[WhiteElo "2195"]
[BlackElo "2045"]
[Annotator "Daniel"]
[PlyCount "63"]
[EventDate "2019.??.??"]
[SourceVersionDate "2020.03.16"]
[WhiteTeam "SV Mülheim-Nord 3"]
[BlackTeam "Kölner SK Dr. Lasker 2"]

1. e4 Nf6 2. e5 Nd5 3. d4 d6 4. Nf3 dxe5 5. Nxe5 c6 6. Be2 Bf5 7. O-O Nd7 8.
Nd3 e6 9. c4 N5f6 10. Nc3 Bd6 11. Bf4 Bxf4 12. Nxf4 O-O 13. d5 exd5 14. cxd5
cxd5 $11 15. Nfxd5 Nb6 16. Bf3 Nfxd5 17. Nxd5 Nxd5 18. Bxd5 Qf6 19. Qf3 Rad8
20. Rad1 b6 21. Rd2 Rd7 22. Rfd1 Rfd8 23. Qe3 Kf8 24. Bb3 Qxb2 25. Rxd7 Rxd7
26. Re1 Be6 27. Bxe6 Re7 28. Qf4 Rxe6 29. Qb8+ Ke7 30. Qxa7+ Kf6 31. Rxe6+ Kxe6
32. g3 1/2-1/2

[Event "SV Mülheim-Nord 3 - Kölner SK Dr. Las"]
[Site "NRW-Klasse - Gruppe 3 2019/20"]
[Date "2019.10.06"]
[Round "2.3"]
[White "Diesner, Michael"]
[Black "Oltmanns, Jan"]
[Result "1-0"]
[WhiteElo "2069"]
[BlackElo "2008"]
[PlyCount "81"]
[EventDate "2019.??.??"]
[SourceVersionDate "2020.03.16"]
[WhiteTeam "Kölner SK Dr. Lasker 2"]
[BlackTeam "SV Mülheim-Nord 3"]

1. Nf3 Nf6 2. g3 d5 3. Bg2 c5 4. O-O Nc6 5. d4 cxd4 6. Nxd4 e5 7. Nxc6 bxc6 8.
c4 Rb8 9. Qc2 Be7 10. Nc3 O-O 11. Rd1 Be6 12. Bg5 d4 13. b3 Qc7 14. Na4 c5 15.
e4 Nh5 16. Bd2 g5 17. Nb2 f5 18. exf5 Bxf5 19. Be4 Bxe4 20. Qxe4 Nf6 21. Qf5
Kh8 22. Bxg5 Ne8 23. Qg4 e4 24. Bxe7 Qxe7 25. Re1 Qf6 26. Re2 Nd6 27. Rae1 d3
28. Rd2 Rf7 29. Nd1 Rg8 30. Qh3 Qa1 31. Qe6 Rg6 32. Qd5 Qc1 33. Qe5+ Rgf6 34.
Qc3 Qa3 35. f3 exf3 36. Re6 Qb4 37. Rxd6 f2+ 38. Kf1 Qb7 39. Rd8+ Kg7 40. Rd5
Qe7 41. Qe5 1-0

[Event "SV Mülheim-Nord 3 - Kölner SK Dr. Las"]
[Site "NRW-Klasse - Gruppe 3 2019/20"]
[Date "2019.10.06"]
[Round "2.4"]
[White "Mainusch, Martin"]
[Black "Rastelli, Michele"]
[Result "1-0"]
[WhiteElo "1935"]
[BlackElo "2013"]
[PlyCount "45"]
[EventDate "2019.??.??"]
[SourceVersionDate "2020.03.16"]
[WhiteTeam "SV Mülheim-Nord 3"]
[BlackTeam "Kölner SK Dr. Lasker 2"]

1. Nf3 e6 2. d3 d5 3. g3 Nf6 4. Bg2 Be7 5. Nbd2 c5 6. e4 Nc6 7. O-O O-O 8. Re1
Qc7 9. e5 Nd7 10. Qe2 b5 11. Nf1 Rd8 12. h4 Bb7 13. N1h2 d4 14. Ng4 Rac8 15.
Ng5 h5 16. Nh6+ gxh6 17. Nxf7 Kxf7 18. Qxh5+ Kg8 19. Qg6+ Kh8 20. Qxh6+ Kg8 21.
Qxe6+ Kh8 22. Qh6+ Kg8 23. Bd5# 1-0

[Event "SV Mülheim-Nord 3 - Kölner SK Dr. Las"]
[Site "NRW-Klasse - Gruppe 3 2019/20"]
[Date "2019.10.06"]
[Round "2.5"]
[White "Rosenkraenzer, Torsten"]
[Black "Roitburd, Talik"]
[Result "1/2-1/2"]
[WhiteElo "1995"]
[BlackElo "2008"]
[PlyCount "80"]
[EventDate "2019.??.??"]
[SourceVersionDate "2020.03.16"]
[WhiteTeam "Kölner SK Dr. Lasker 2"]
[BlackTeam "SV Mülheim-Nord 3"]

1. d4 Nf6 2. c4 g6 3. Nc3 Bg7 4. e4 d6 5. Nge2 O-O 6. Ng3 e5 7. d5 c6 8. Be2
cxd5 9. cxd5 a6 10. a4 h5 11. Bg5 h4 12. Bxh4 Bh6 13. Bxf6 Qxf6 14. Bg4 Qh4 15.
Bxc8 Rxc8 16. Qf3 Nd7 17. Nge2 Nc5 18. O-O Nb3 19. g3 Qe7 20. h4 Nxa1 21. Rxa1
Kg7 22. Kg2 Rf8 23. h5 Qg5 24. Rh1 f5 25. hxg6 Qxg6 26. Qh5 Qxh5 27. Rxh5 Kg6
28. Rh1 Bd2 29. Rh4 Rac8 30. exf5+ Rxf5 31. Rg4+ Kh6 32. Rh4+ Kg7 33. Rg4+ Kh6
34. Rh4+ Rh5 35. Rg4 Rg5 36. Rh4+ Rh5 37. Rg4 Rf8 38. Ne4 Be1 39. f4 Bb4 40.
Ng5 Bd2 1/2-1/2

[Event "SV Mülheim-Nord 3 - Kölner SK Dr. Las"]
[Site "NRW-Klasse - Gruppe 3 2019/20"]
[Date "2019.10.06"]
[Round "2.6"]
[White "Dezent, Ilia"]
[Black "Mews, Bernhard"]
[Result "1/2-1/2"]
[WhiteElo "1825"]
[BlackElo "1975"]
[Annotator "Daniel"]
[PlyCount "70"]
[EventDate "2019.??.??"]
[SourceVersionDate "2020.03.16"]
[WhiteTeam "SV Mülheim-Nord 3"]
[BlackTeam "Kölner SK Dr. Lasker 2"]

1. d4 Nf6 2. c4 e6 3. Nf3 d5 4. Nc3 Bb4 5. Qa4+ Nc6 6. e3 O-O 7. Be2 a6 8. O-O
Bd7 9. Qc2 Re8 10. Rd1 Bf8 11. a3 Qe7 12. e4 dxe4 13. Nxe4 Nxe4 14. Qxe4 e5 15.
dxe5 Nxe5 16. Nxe5 Qxe5 17. Qxe5 Rxe5 18. Bf3 Ba4 19. Bf4 Bxd1 20. Bxe5 Bxf3
21. gxf3 Bd6 22. Bxd6 cxd6 $11 23. Rd1 Rd8 24. c5 d5 25. f4 Kf8 26. Re1 d4 27.
Kf1 d3 28. b4 Rd4 29. Rd1 Ke7 30. f3 Ke6 31. Kf2 Kd5 32. Ke3 Kc4 33. Rc1+ Kd5
34. Rd1 Kc4 35. Rc1+ Kd5 1/2-1/2

[Event "SV Mülheim-Nord 3 - Kölner SK Dr. Las"]
[Site "NRW-Klasse - Gruppe 3 2019/20"]
[Date "2019.10.06"]
[Round "2.7"]
[White "Glaser, Steffen"]
[Black "Schuermann, Jan"]
[Result "0-1"]
[WhiteElo "1944"]
[BlackElo "1815"]
[PlyCount "32"]
[EventDate "2019.??.??"]
[SourceVersionDate "2020.03.16"]
[WhiteTeam "Kölner SK Dr. Lasker 2"]
[BlackTeam "SV Mülheim-Nord 3"]

1. e4 c5 2. c3 Nf6 3. e5 Nd5 4. d4 Nc6 5. Nf3 d6 6. Bb5 Bg4 7. Qb3 Bxf3 8. gxf3
e6 9. c4 Nc7 10. exd6 Bxd6 11. dxc5 Bxc5 12. Bxc6+ bxc6 13. Be3 Rb8 14. Bxc5
Rxb3 15. axb3 Qg5 16. b4 Qc1+ 0-1

[Event "SV Mülheim-Nord 3 - Kölner SK Dr. Las"]
[Site "NRW-Klasse - Gruppe 3 2019/20"]
[Date "2019.10.06"]
[Round "2.8"]
[White "Khanzadayev, Sabir"]
[Black "Lommen, Frank"]
[Result "0-1"]
[WhiteElo "1635"]
[BlackElo "1940"]
[PlyCount "54"]
[EventDate "2019.??.??"]
[SourceVersionDate "2020.03.16"]
[WhiteTeam "SV Mülheim-Nord 3"]
[BlackTeam "Kölner SK Dr. Lasker 2"]

1. d4 d6 2. Nf3 Nf6 3. e3 Nbd7 4. Bc4 e6 5. O-O Be7 6. h3 O-O 7. Re1 c6 8. Bb3
Qc7 9. Nbd2 e5 10. c3 e4 11. Nh2 d5 12. c4 Bd6 13. Nhf1 Re8 14. cxd5 cxd5 15.
Bc2 Nf8 16. Nb3 Bd7 17. Bd2 Rac8 18. Rc1 Qd8 19. Bb1 Rxc1 20. Qxc1 Qe7 21. Qd1
Bb5 22. Bc3 Ng6 23. Ng3 Bxg3 24. fxg3 Qd6 25. g4 Qg3 26. Qd2 Nh4 27. Qf2 Nf3+
0-1

[Event "Krefelder SK Turm 2 - Ratinger SK 1"]
[Site "NRW-Klasse - Gruppe 3 2019/20"]
[Date "2019.10.06"]
[Round "2.1"]
[White "Graeber, Ralf"]
[Black "Maes, Valery"]
[Result "1/2-1/2"]
[WhiteElo "2133"]
[BlackElo "2065"]
[Annotator "Daniel"]
[PlyCount "53"]
[EventDate "2019.??.??"]
[SourceVersionDate "2020.03.16"]
[WhiteTeam "Ratinger SK 1"]
[BlackTeam "Krefelder SK Turm 2"]

1. d4 Nf6 2. Nf3 d5 3. g3 Bf5 4. Bg2 c6 5. O-O h6 6. c4 e6 7. Nc3 Nbd7 8. Ne5
Be7 9. Qb3 Qb6 10. Nxd7 Nxd7 11. e4 Qxb3 12. axb3 dxe4 13. Nxe4 Bxe4 14. Bxe4
Nf6 15. Bf3 O-O 16. Bf4 Rfd8 17. Be5 a6 18. Rad1 Rd7 19. Rd3 Rad8 20. Rfd1 Bd6
21. Bxf6 gxf6 22. d5 Be5 $11 23. Be4 cxd5 24. cxd5 exd5 25. Bf5 Re7 26. R1d2 d4
27. Kg2 1/2-1/2

[Event "Krefelder SK Turm 2 - Ratinger SK 1"]
[Site "NRW-Klasse - Gruppe 3 2019/20"]
[Date "2019.10.06"]
[Round "2.2"]
[White "Markgraf, Jonas"]
[Black "Probst, Andreas"]
[Result "1/2-1/2"]
[WhiteElo "2001"]
[BlackElo "2130"]
[PlyCount "119"]
[EventDate "2019.??.??"]
[SourceVersionDate "2020.03.16"]
[WhiteTeam "Krefelder SK Turm 2"]
[BlackTeam "Ratinger SK 1"]

1. e4 c5 2. Nf3 e6 3. d4 cxd4 4. Nxd4 a6 5. Bd3 Nf6 6. Nc3 Qc7 7. Qe2 d6 8. O-O
Be7 9. Be3 b5 10. a3 Bb7 11. f4 Nbd7 12. Nb3 O-O 13. Rae1 d5 14. e5 Ne4 15.
Bxe4 dxe4 16. Kh1 Rac8 17. Bd4 g6 18. Rc1 Rfd8 19. Nxe4 Bd5 20. Ned2 Nb6 21.
Qf2 Nc4 22. Nxc4 Qxc4 23. Rfd1 Be4 24. Bc3 Ba8 25. Qf1 Qe4 26. Re1 Qc6 27. Nd4
Qb7 28. Nf3 b4 29. axb4 Bxb4 30. Bxb4 Qxb4 31. f5 exf5 32. e6 fxe6 33. Rxe6
Qxb2 34. Rce1 Be4 35. Ng5 Rf8 36. Nxe4 fxe4 37. Qxa6 Rxc2 38. R6xe4 Rxg2 39.
Qe6+ Kh8 40. Qd6 Rgf2 41. Qe5+ Qxe5 42. Rxe5 Ra2 43. R5e2 Rf1+ 44. Kg2 Rxe1 45.
Rxa2 Kg7 46. Ra7+ Kh6 47. h4 Re3 48. Rb7 Ra3 49. Rc7 Kh5 50. Rxh7+ Kg4 51. Rh6
Ra2+ 52. Kg1 Kf5 53. Rh8 Kf6 54. Rh7 Rb2 55. Kf1 Ra2 56. Kg1 Re2 57. h5 g5 58.
Ra7 Re8 59. Kg2 Rh8 60. Kg3 1/2-1/2

[Event "Krefelder SK Turm 2 - Ratinger SK 1"]
[Site "NRW-Klasse - Gruppe 3 2019/20"]
[Date "2019.10.06"]
[Round "2.3"]
[White "Gatterer, Matthias"]
[Black "Noever, Niklas"]
[Result "1/2-1/2"]
[WhiteElo "1984"]
[BlackElo "1868"]
[PlyCount "49"]
[EventDate "2019.??.??"]
[SourceVersionDate "2020.03.16"]
[WhiteTeam "Ratinger SK 1"]
[BlackTeam "Krefelder SK Turm 2"]

1. d4 Nf6 2. Nf3 e6 3. Bg5 Be7 4. c4 d5 5. Nc3 O-O 6. e3 Ne4 7. Bxe7 Qxe7 8.
cxd5 Nxc3 9. bxc3 exd5 10. Qb3 c6 11. c4 dxc4 12. Bxc4 Nd7 13. O-O Nb6 14. Be2
Be6 15. Qb2 Bc4 16. Rfc1 Bxe2 17. Qxe2 Rfd8 18. Rab1 Rd5 19. Qb2 Ra5 20. Nd2
Rd8 21. Nc4 Rb5 22. Qc2 Nxc4 23. Qxc4 Rxb1 24. Rxb1 Rd5 25. Qa4 1/2-1/2

[Event "Krefelder SK Turm 2 - Ratinger SK 1"]
[Site "NRW-Klasse - Gruppe 3 2019/20"]
[Date "2019.10.06"]
[Round "2.4"]
[White "Komans, Dieter"]
[Black "Liedtke, Dirk"]
[Result "1/2-1/2"]
[WhiteElo "2004"]
[BlackElo "2110"]
[PlyCount "72"]
[EventDate "2019.??.??"]
[SourceVersionDate "2020.03.16"]
[WhiteTeam "Krefelder SK Turm 2"]
[BlackTeam "Ratinger SK 1"]

1. e4 e6 2. Nf3 d5 3. Bd3 Nf6 4. Nc3 c5 5. b3 Be7 6. O-O O-O 7. Bb2 Nc6 8. Re1
d4 9. Ne2 e5 10. Bb5 Bd6 11. Bxc6 bxc6 12. d3 Nd7 13. Bc1 Re8 14. Bg5 f6 15.
Bd2 Ba6 16. g4 Nf8 17. Kh1 Qd7 18. Rg1 Ng6 19. Qf1 Nf4 20. Ng3 g6 21. Nh4 Kh8
22. Ngf5 gxf5 23. gxf5 Rg8 24. Rg3 Rg5 25. Qc1 Rag8 26. Rxg5 fxg5 27. Ng2 Qf7
28. Qa3 Bc8 29. Qa4 Qh5 30. Qxc6 Qf3 31. Rg1 Nxg2 32. Rxg2 Qd1+ 33. Rg1 Qf3+
34. Rg2 Qd1+ 35. Rg1 Qf3+ 36. Rg2 Qd1+ 1/2-1/2

[Event "Krefelder SK Turm 2 - Ratinger SK 1"]
[Site "NRW-Klasse - Gruppe 3 2019/20"]
[Date "2019.10.06"]
[Round "2.5"]
[White "Meis, Carsten"]
[Black "van Ael, Bert"]
[Result "1/2-1/2"]
[WhiteElo "1986"]
[BlackElo "1908"]
[PlyCount "47"]
[EventDate "2019.??.??"]
[SourceVersionDate "2020.03.16"]
[WhiteTeam "Ratinger SK 1"]
[BlackTeam "Krefelder SK Turm 2"]

1. d4 d5 2. Nf3 Nf6 3. c4 e6 4. Nc3 Be7 5. Bg5 h6 6. Bh4 O-O 7. e3 Ne4 8. Bxe7
Qxe7 9. Bd3 Nxc3 10. bxc3 dxc4 11. Bxc4 Nd7 12. O-O c5 13. Rb1 b6 14. a4 Bb7
15. Bb5 Rfd8 16. Qe2 Rab8 17. Rfd1 Qf6 18. e4 Qf4 19. Bxd7 Rxd7 20. Ne5 Rdd8
21. f3 cxd4 22. cxd4 Rbc8 23. a5 Rd6 24. axb6 1/2-1/2

[Event "Krefelder SK Turm 2 - Ratinger SK 1"]
[Site "NRW-Klasse - Gruppe 3 2019/20"]
[Date "2019.10.06"]
[Round "2.6"]
[White "Rettenbacher, Stefan"]
[Black "Krueger, Norbert"]
[Result "0-1"]
[WhiteElo "2035"]
[BlackElo "1965"]
[PlyCount "84"]
[EventDate "2019.??.??"]
[SourceVersionDate "2020.03.16"]
[WhiteTeam "Krefelder SK Turm 2"]
[BlackTeam "Ratinger SK 1"]

1. d4 e6 2. Nf3 f5 3. g3 Nf6 4. Bg2 Be7 5. O-O O-O 6. c4 d6 7. Nc3 a5 8. Qc2
Nc6 9. e4 Nb4 10. Qe2 fxe4 11. Nxe4 Nxe4 12. Qxe4 e5 13. dxe5 Bf5 14. Qxb7 Rb8
15. Qa7 Nc2 16. exd6 cxd6 17. Nd4 Nxa1 18. Nc6 Qd7 19. Nxe7+ Kh8 20. Qxd7 Bxd7
21. Bf4 Nc2 22. Bxd6 Rxb2 23. a3 Ra2 24. Ng6+ hxg6 25. Bxf8 Nxa3 26. Bxa3 Rxa3
27. Rc1 Kg8 28. c5 Kf8 29. c6 Bc8 30. h4 Ke7 31. Kh2 Ra2 32. Rc5 Kd6 33. Rg5
Bf5 34. g4 Be6 35. Rxg6 Rxf2 36. Rxg7 Bd5 37. Rd7+ Kxc6 38. Rxd5 Rxg2+ 39. Kxg2
Kxd5 40. h5 Ke6 41. g5 a4 42. Kf3 a3 0-1

[Event "Krefelder SK Turm 2 - Ratinger SK 1"]
[Site "NRW-Klasse - Gruppe 3 2019/20"]
[Date "2019.10.06"]
[Round "2.7"]
[White "Voigt, Lothar"]
[Black "Reuter, Julian-Frank"]
[Result "1/2-1/2"]
[WhiteElo "1926"]
[BlackElo "1769"]
[PlyCount "70"]
[EventDate "2019.??.??"]
[SourceVersionDate "2020.03.16"]
[WhiteTeam "Ratinger SK 1"]
[BlackTeam "Krefelder SK Turm 2"]

1. d4 Nf6 2. c4 c5 3. d5 b5 4. Qc2 bxc4 5. e4 d6 6. Bxc4 g6 7. b3 Bg7 8. Bb2
O-O 9. h3 Nbd7 10. Nf3 Rb8 11. O-O Nb6 12. Nbd2 Bd7 13. Bc3 Qc8 14. Rfe1 e6 15.
dxe6 Bxe6 16. Bxe6 Qxe6 17. e5 dxe5 18. Bxe5 Rbc8 19. Bb2 Qc6 20. Nc4 Nxc4 21.
Qxc4 Qd5 22. Qxd5 Nxd5 23. Bxg7 Kxg7 24. Re4 Rfe8 25. Rxe8 Rxe8 26. Rc1 Nb4 27.
Rxc5 Nxa2 28. Ra5 Nc1 29. Rxa7 Kf6 30. Rb7 Re2 31. Nd4 Rb2 32. b4 Nd3 33. b5
Rb1+ 34. Kh2 Nxf2 35. Nc6 Ne4 1/2-1/2

[Event "Krefelder SK Turm 2 - Ratinger SK 1"]
[Site "NRW-Klasse - Gruppe 3 2019/20"]
[Date "2019.10.06"]
[Round "2.8"]
[White "Arning, Peter"]
[Black "Gerhards, Walter"]
[Result "1-0"]
[WhiteElo "1793"]
[BlackElo "1769"]
[PlyCount "67"]
[EventDate "2019.??.??"]
[SourceVersionDate "2020.03.16"]
[WhiteTeam "Krefelder SK Turm 2"]
[BlackTeam "Ratinger SK 1"]

1. Nf3 Nf6 2. g3 d5 3. Bg2 Nc6 4. O-O e5 5. d3 Be7 6. c3 O-O 7. b4 a6 8. a3 h6
9. Nbd2 Bg4 10. Qc2 Qd7 11. Re1 Rfe8 12. Bb2 Rad8 13. c4 Bd6 14. cxd5 Nxd5 15.
Nc4 Qe6 16. e3 Bxb4 17. Reb1 Bf8 18. Ncxe5 Nxe5 19. Nxe5 Bh3 20. Bh1 Bd6 21.
Nc4 b5 22. Nxd6 Qxd6 23. Rc1 Nb6 24. Bd4 Bf5 25. Qxc7 Na4 26. Bb7 Bxd3 27. Rc6
Qxc7 28. Rxc7 Rd6 29. Rac1 Bc4 30. Bc6 Ree6 31. Rxc4 bxc4 32. Bxa4 Rd5 33. Bc2
Rb5 34. Rc8+ 1-0

[Event "SV Turm Kamp-Lintfort 1 - SC Tornado Ho"]
[Site "NRW-Klasse - Gruppe 3 2019/20"]
[Date "2019.10.06"]
[Round "2.1"]
[White "Bub, Volker"]
[Black "Ratering, Jona"]
[Result "1/2-1/2"]
[WhiteElo "2064"]
[BlackElo "2104"]
[PlyCount "45"]
[EventDate "2019.??.??"]
[SourceVersionDate "2020.03.16"]
[WhiteTeam "SC Tornado Hochneukirch 1"]
[BlackTeam "SV Turm Kamp-Lintfort 1"]

1. Nf3 c5 2. g3 d5 3. Bg2 Nf6 4. O-O e6 5. d3 Nc6 6. Nbd2 Be7 7. e4 b6 8. Re1
Bb7 9. c3 Qc7 10. Qe2 O-O 11. e5 Nd7 12. Nf1 b5 13. Bf4 b4 14. h4 bxc3 15. bxc3
Rfc8 16. N1h2 Qd8 17. h5 h6 18. Qd2 Nf8 19. Ng4 Nh7 20. Bxh6 gxh6 21. Nxh6+ Kg7
22. Qf4 Qf8 23. Bh3 1/2-1/2

[Event "SV Turm Kamp-Lintfort 1 - SC Tornado Ho"]
[Site "NRW-Klasse - Gruppe 3 2019/20"]
[Date "2019.10.06"]
[Round "2.2"]
[White "Hagen, Gunter"]
[Black "Rotstein, Jefim"]
[Result "1/2-1/2"]
[WhiteElo "2100"]
[BlackElo "2256"]
[PlyCount "40"]
[EventDate "2019.??.??"]
[SourceVersionDate "2020.03.16"]
[WhiteTeam "SV Turm Kamp-Lintfort 1"]
[BlackTeam "SC Tornado Hochneukirch 1"]

1. d4 Nf6 2. c4 e6 3. Nf3 c5 4. g3 cxd4 5. Nxd4 Nc6 6. Bg2 Bc5 7. Nb3 Be7 8.
O-O O-O 9. Nc3 d6 10. Nd4 Bd7 11. b3 Qa5 12. Bb2 Rfd8 13. e3 Nxd4 14. Qxd4 Bc6
15. Rfd1 Bxg2 16. Kxg2 Qh5 17. Qf4 d5 18. cxd5 Nxd5 19. Nxd5 Rxd5 20. Qf3 Qxf3+
1/2-1/2

[Event "SV Turm Kamp-Lintfort 1 - SC Tornado Ho"]
[Site "NRW-Klasse - Gruppe 3 2019/20"]
[Date "2019.10.06"]
[Round "2.3"]
[White "Zimmermann, Rolf"]
[Black "Nurkowski-Buerkle, Ruediger"]
[Result "1-0"]
[WhiteElo "2098"]
[BlackElo "2014"]
[PlyCount "31"]
[EventDate "2019.??.??"]
[SourceVersionDate "2020.03.16"]
[WhiteTeam "SC Tornado Hochneukirch 1"]
[BlackTeam "SV Turm Kamp-Lintfort 1"]

1. c4 e6 2. d4 d5 3. Nc3 Nf6 4. Bg5 Be7 5. e3 O-O 6. Nf3 b6 7. Be2 c5 8. O-O
Nc6 9. dxc5 bxc5 10. cxd5 Nxd5 11. Bxe7 Ncxe7 12. Rc1 Nxc3 13. Rxc3 Qa5 14. Bd3
Qxa2 15. Qc2 h6 16. Ra3 1-0

[Event "SV Turm Kamp-Lintfort 1 - SC Tornado Ho"]
[Site "NRW-Klasse - Gruppe 3 2019/20"]
[Date "2019.10.06"]
[Round "2.4"]
[White "Bosser, Heinz-Dieter"]
[Black "Ljuboschiz, Alexander"]
[Result "1/2-1/2"]
[WhiteElo "1979"]
[BlackElo "1928"]
[PlyCount "52"]
[EventDate "2019.??.??"]
[SourceVersionDate "2020.03.16"]
[WhiteTeam "SV Turm Kamp-Lintfort 1"]
[BlackTeam "SC Tornado Hochneukirch 1"]

1. d4 Nf6 2. c4 g6 3. Nc3 Bg7 4. e4 d6 5. Nf3 O-O 6. Be2 e5 7. O-O Nc6 8. d5
Ne7 9. b4 c6 10. Bd2 cxd5 11. cxd5 Nh5 12. Ne1 Nf4 13. Nd3 Nxe2+ 14. Qxe2 f5
15. f3 f4 16. Rfc1 g5 17. Nf2 Ng6 18. Nb5 Rf7 19. Qc4 h5 20. Nxa7 Bd7 21. Nb5
Qb6 22. a4 Rc8 23. Qe2 Rxc1+ 24. Rxc1 g4 25. Kh1 Nh4 26. Nd3 gxf3 1/2-1/2

[Event "SV Turm Kamp-Lintfort 1 - SC Tornado Ho"]
[Site "NRW-Klasse - Gruppe 3 2019/20"]
[Date "2019.10.06"]
[Round "2.5"]
[White "Heller, Harald"]
[Black "Esser, Jochen"]
[Result "1-0"]
[WhiteElo "1946"]
[BlackElo "1938"]
[PlyCount "77"]
[EventDate "2019.??.??"]
[SourceVersionDate "2020.03.16"]
[WhiteTeam "SC Tornado Hochneukirch 1"]
[BlackTeam "SV Turm Kamp-Lintfort 1"]

1. d4 Nf6 2. Nf3 g6 3. Bf4 Bg7 4. h3 d6 5. e3 c5 6. c3 O-O 7. Be2 b6 8. O-O Bb7
9. Nbd2 Nc6 10. a4 Re8 11. Nc4 Rc8 12. Bh2 Ne4 13. Bd3 Na5 14. Nxa5 bxa5 15.
Bb5 Rf8 16. Qd3 Qb6 17. Qe2 Rb8 18. Rfb1 Rfc8 19. Ne1 Bc6 20. Bd3 Re8 21. Nc2
Qd8 22. f3 Nf6 23. dxc5 Rb7 24. cxd6 exd6 25. Nd4 Bd7 26. Nb5 Bf8 27. Rd1 Qb6
28. Qf2 d5 29. Nd4 Qxb2 30. Qh4 Rb6 31. Rab1 Qxc3 32. Rxb6 Rxe3 33. Qxf6 Bg7
34. Rb8+ Be8 35. Qc6 Qxd4 36. Kh1 Qb4 37. Rxe8+ Rxe8 38. Qxe8+ Bf8 39. Rb1 1-0

[Event "SV Turm Kamp-Lintfort 1 - SC Tornado Ho"]
[Site "NRW-Klasse - Gruppe 3 2019/20"]
[Date "2019.10.06"]
[Round "2.6"]
[White "Schubert, Mario"]
[Black "Burstein, Garri"]
[Result "1/2-1/2"]
[WhiteElo "1915"]
[BlackElo "2050"]
[PlyCount "35"]
[EventDate "2019.??.??"]
[SourceVersionDate "2020.03.16"]
[WhiteTeam "SV Turm Kamp-Lintfort 1"]
[BlackTeam "SC Tornado Hochneukirch 1"]

1. e4 e5 2. Nf3 Nc6 3. Bc4 Bc5 4. c3 Nf6 5. d4 exd4 6. cxd4 Bb4+ 7. Nc3 Nxe4 8.
O-O Bxc3 9. d5 O-O 10. bxc3 Ne7 11. Qd4 Nf6 12. Bg5 Nf5 13. Qf4 d6 14. g4 Ne7
15. Bxf6 gxf6 16. Qxf6 Ng6 17. Qxd8 Rxd8 18. h3 1/2-1/2

[Event "SV Turm Kamp-Lintfort 1 - SC Tornado Ho"]
[Site "NRW-Klasse - Gruppe 3 2019/20"]
[Date "2019.10.06"]
[Round "2.7"]
[White "Bohlmann, Erwin"]
[Black "Schmidt, Konrad"]
[Result "0-1"]
[WhiteElo "1869"]
[BlackElo "1847"]
[PlyCount "72"]
[EventDate "2019.??.??"]
[SourceVersionDate "2020.03.16"]
[WhiteTeam "SC Tornado Hochneukirch 1"]
[BlackTeam "SV Turm Kamp-Lintfort 1"]

1. d4 Nf6 2. Nf3 g6 3. c4 Bg7 4. Nc3 d5 5. cxd5 Nxd5 6. e4 Nxc3 7. bxc3 c5 8.
Bb5+ Bd7 9. Bxd7+ Qxd7 10. O-O cxd4 11. cxd4 Nc6 12. Be3 O-O 13. Qd2 Rfd8 14.
Rfd1 Qg4 15. Qd3 Nxd4 16. Nxd4 Bxd4 17. Bxd4 e5 18. Qe3 Qd7 19. Rd3 exd4 20.
Qd2 Rac8 21. Rd1 Rc4 22. h3 Qc6 23. Qf4 Qd6 24. Qg5 Rd7 25. f4 a6 26. e5 Qd5
27. h4 Qe4 28. Qg3 Rc2 29. h5 Rxa2 30. Rf1 Rxg2+ 31. Qxg2 Qxd3 32. Rf3 Qf5 33.
hxg6 hxg6 34. Qd2 d3 35. Rg3 Qe4 36. Rg2 Rc7 0-1

[Event "SV Turm Kamp-Lintfort 1 - SC Tornado Ho"]
[Site "NRW-Klasse - Gruppe 3 2019/20"]
[Date "2019.10.06"]
[Round "2.8"]
[White "Marganiec, Wolfgang"]
[Black "Heller, Lutz"]
[Result "0-1"]
[WhiteElo "1774"]
[BlackElo "1808"]
[PlyCount "102"]
[EventDate "2019.??.??"]
[SourceVersionDate "2020.03.16"]
[WhiteTeam "SV Turm Kamp-Lintfort 1"]
[BlackTeam "SC Tornado Hochneukirch 1"]

1. e4 c5 2. Nf3 e6 3. d4 cxd4 4. Nxd4 Nf6 5. Bd3 Nc6 6. Nb3 d5 7. exd5 Nxd5 8.
c3 Bd6 9. O-O O-O 10. Re1 Bc7 11. g3 e5 12. Be4 Nde7 13. Qc2 f5 14. Rd1 Qe8 15.
Bxc6 Nxc6 16. Nc5 Bb6 17. b4 Bxc5 18. bxc5 Be6 19. Nd2 f4 20. Ne4 Bf5 21. Qb3+
Kh8 22. Nd6 Qe7 23. Qxb7 Qxb7 24. Nxb7 Rab8 25. Nd6 Bg4 26. Re1 g5 27. Ba3 Bf3
28. Rab1 Kg7 29. Rb2 Rxb2 30. Bxb2 Rb8 31. Ba3 Bd5 32. c4 Bf3 33. Nb5 Kf6 34.
Nc3 Nd4 35. c6 Nc2 36. Rb1 Rc8 37. Bc5 Rxc6 38. Bxa7 Rxc4 39. Nb5 Ra4 40. a3
Bc6 41. Bc5 Ra5 42. Bb6 Rxb5 43. Rxb5 Bxb5 44. Bc5 Ke6 45. Kg2 Bc6+ 46. Kh3 h5
47. gxf4 exf4 48. a4 Bxa4 49. Kg2 Kf5 50. h4 g4 51. f3 Bc6 0-1

[Event "Oberhausener SV 1 - DJK Aufwärts Aachen"]
[Site "NRW-Klasse - Gruppe 3 2019/20"]
[Date "2019.10.06"]
[Round "2.1"]
[White "Draeger, Thomas"]
[Black "Becker, Marcel"]
[Result "1/2-1/2"]
[WhiteElo "2208"]
[BlackElo "2350"]
[PlyCount "158"]
[EventDate "2019.??.??"]
[SourceVersionDate "2020.03.16"]
[WhiteTeam "DJK Aufwärts Aachen 3"]
[BlackTeam "Oberhausener SV 1"]

1. e4 c6 2. d4 d5 3. exd5 cxd5 4. Bd3 Nc6 5. c3 Qc7 6. h3 Nf6 7. Nf3 g6 8. O-O
Bg7 9. Re1 O-O 10. Nbd2 Bf5 11. Be2 Nb4 12. Nf1 Nc2 13. Ng3 Nxe1 14. Nxe1 Bd7
15. Nd3 Bb5 16. Bf3 Bxd3 17. Qxd3 e6 18. Ne2 Qc6 19. Bf4 Nd7 20. Qd2 Rad8 21.
g3 Rfe8 22. Bg2 e5 23. Be3 e4 24. Rc1 b5 25. b3 Nb6 26. Nf4 Rc8 27. Bf1 a6 28.
Qd1 Rc7 29. h4 Qd6 30. Qd2 Qd7 31. Qb2 Bf8 32. a3 Bd6 33. Ng2 Qe7 34. Ra1 Rec8
35. Bd2 Qd7 36. Ne3 Bf8 37. Ng2 a5 38. Rc1 a4 39. b4 Nc4 40. Qa2 Bg7 41. Bf4
Rc6 42. Qa1 h6 43. Rc2 f6 44. Bc1 g5 45. hxg5 hxg5 46. Ne3 Nxe3 47. Bxe3 Rc4
48. Bxc4 Rxc4 49. Qc1 Qg4 50. Kf1 Kf7 51. Ke1 Kg6 52. Qd1 Qxd1+ 53. Kxd1 Kf5
54. Ke2 Kg4 55. Rc1 Rc8 56. Bd2 Rh8 57. Be3 Bf8 58. Rg1 Bd6 59. Bd2 f5 60. Be3
Be7 61. Bd2 Rh2 62. Be3 Bd6 63. Bc1 Kh5 64. Be3 f4 65. gxf4 gxf4 66. Bd2 f3+
67. Ke1 Rg2 68. Rh1+ Kg4 69. Kf1 Bg3 70. Be3 Bh4 71. Ke1 Bg5 72. Bxg5 Kxg5 73.
Kf1 Rg4 74. Rh8 Rh4 75. Rg8+ Kf6 76. Kg1 Rh7 77. Rc8 Rg7+ 78. Kf1 Rh7 79. Kg1
Rg7+ 1/2-1/2